| 000 | 00720 a2200205 4500 | ||
|---|---|---|---|
| 005 | 20080924170352.0 | ||
| 008 | 080924t xxu||||| |||| 00| 0 eng d | ||
| 010 | _aENG-87864 | ||
| 020 | _c390.00 | ||
| 035 | _aEN-71397 | ||
| 037 | _bD.B.Act / Pub | ||
| 082 | _a003 | ||
| 100 | _aBhat, K. Shridhara | ||
| 245 |
_aEssential of operation research & quantitative techniques _cby K. Shridhara Bhat |
||
| 260 |
_aMumbai _bHimalaya Publishing House _c2007 |
||
| 300 |
_a894 p. _c24 cm. (Pbk.) |
||
| 500 | _aIncludes index. | ||
| 942 |
_adpl _cEN _k003 / BHA _2ddc _h003 _mBHA |
||
| 999 |
_c7210 _d7210 |
||